Zahraničná zadlženosť SR a plnenie dlhovej služby v roku 1999

Bibliographic Details
Main Author: Kyjac, Pavol (Author)
Format: Article
Language:Slovak
PhysicalDescription:Grafy, tab.
ISSN:1335-0900
Subjects:

MARC

LEADER 00000nab a2200000 a 4500
001 vtls000727911
003 SK-MaSNL
005 20260305015000.0
008 250429c2000 xo 0 slo
015 |a SNBRB2000/07-18057 
035 |a CLN000080062 
035 |a urn:nbn:sk:snk-ab25y6 
035 |a (urnnbn)urn:nbn:sk:snk:ar-a01q2d 
035 |a (uuid)2dfe19ef-40f7-43a3-841d-b6e13bd800a4 
040 |a SNKBUCL  |b slo  |c SNKBUCL  |e AACR2 
041 0 |a slo 
044 |a xo  |c SK 
080 |a 339.72.053.1(437.6)  |2 1997 
080 |a 336.3(437.6)  |2 1997 
080 |a 336.711(437.6)  |2 1997 
100 1 |a Kyjac, Pavol  |4 aut  |9 562995 
245 1 0 |a Zahraničná zadlženosť SR a plnenie dlhovej služby v roku 1999  |c Pavol Kyjac 
246 1 1 |a External debt of the SR and debt servicing in the year 1999 
300 |b Grafy, tab. 
500 |a Súbežný názov a text angl. na s. 31-33 
610 2 7 |a Národná banka Slovenska  |2 snkbucl  |9 14536 
650 0 7 |a dlhy zahraničné  |z Slovensko  |y 1999  |2 snkbucl  |9 1593544 
650 0 7 |a dlhová služba  |x plnenie  |z Slovensko  |y 1999  |2 snkbucl  |9 18831 
655 7 |a články z novín a časopisov  |2 snkbucl  |9 267496 
773 0 |t Biatec  |g Roč. 8, č. 7 (2000), s. 2-4  |x 1335-0900 
850 |a Slovenská národná knižnica 
852 |a Slovenská národná knižnica 
954 |a odborná, vedecká literatúra pôvodná (slovenská)  |2 lita 
958 |a article2022 
958 |a SK 
958 |a OND 
958 |a EUIPO 
992 |a RBX 
999 |c 3272421  |d 3274351